=LDR 00000nam 2200000 4500 =001 INLIS000000000012146 =005 20130612103703 =008 ***********************************Ind** =035 ##$$0010-061300000012146 =041 ##$$a Ind =082 ##$$a 511 =090 ##$$a 511, Pal m =100 ##$$a Paling D =245 ##$$a Matematika gaya baru untuk guru dan orang tua 7 menyelam sifat berbagai bentuk, Paling, JL.Fax ; diterjemahkan oleh Hakim Nasaetion =260 ##$$a 1977 $b Jakarta =300 ##$$a 57 hlm, ilus, 21 cm =650 ##$$a matematika =650 ##$$a gaya baru =700 ##$$a Fox, Jl =850 ##$$a NBPNMAT